00361nam a2200145Ia 4500008004100000084001300041100002000054245004200074250002000116260001000136260000900146260001500155300001000170500003500180180424s9999 xx 000 0 und d a332.1 L2 a"Lazar, Daniel" 0aMicro Finance and Poverty Eradication a\\200800ENGGPSX aNCBH  b2008 cNew Delhi  a607p. aincludes index and biblioraphy